[Event "9th Nana Aleksandria Cup"]
[Site "Poti GEO"]
[Date "2014.07.14"]
[Round "3.7"]
[White "Bajarani, Ulvi"]
[Black "Dilanyan, Grigor"]
[Result "1-0"]
[WhiteTitle "GM"]
[BlackTitle "FM"]
[WhiteElo "2486"]
[BlackElo "2250"]
[WhiteFideId "13403028"]
[BlackFideId "13303570"]
[EventDate "2014.07.13"]

1. e4 e5 2. Nf3 Nc6 3. Bb5 a6 4. Ba4 Nf6 5. O-O Nxe4 6. d4 b5 7. Bb3 d5 8. dxe5
Be6 9. Be3 Bc5 10. Re1 O-O 11. Nbd2 Bxe3 12. Rxe3 Nc5 13. c3 d4 14. cxd4 Nxd4
15. Bxe6 Ndxe6 16. Qc2 Qd5 17. b4 Na4 18. Rae1 Rfd8 19. Ne4 h6 20. h3 Rac8 21.
Nf6+ gxf6 22. exf6 Qc4 23. Qb1 Nc3 24. Qf5 Qf4 25. Qxf4 Nxf4 26. Rxc3 Nd5 27.
Rc5 Nxb4 28. Ne5 Rd5 29. Rc3 Rd6 30. Rg3+ Kf8 31. Rg7 Rxf6 32. Rg4 Rd8 33. Rxb4
Rd2 34. a4 a5 35. Rbe4 b4 36. f3 Rf5 37. Rc4 b3 38. Rxc7 b2 39. Rb7 Rg5 40. g4
Rxe5 41. Rxe5 Rd1+ 42. Kf2 b1=Q 43. Rxb1 Rxb1 44. Rxa5 Ra1 45. Rh5 Kg7 46. a5
Ra3 47. Rf5 Kg6 48. Ke2 Ra2+ 49. Kd3 Rh2 50. Kc4 Rxh3 51. a6 h5 52. a7 hxg4 53.
Ra5 Rh8 54. a8=Q 1-0

[Event "9th Nana Aleksandria Cup"]
[Site "Poti GEO"]
[Date "2014.07.14"]
[Round "3.8"]
[White "Barseghyan, Harutyun"]
[Black "Javakhadze, Zurab"]
[Result "0-1"]
[BlackTitle "IM"]
[WhiteElo "2108"]
[BlackElo "2428"]
[WhiteFideId "13304585"]
[BlackFideId "13603647"]
[EventDate "2014.07.13"]

1. d4 Nf6 2. Bg5 d5 3. Bxf6 exf6 4. e3 c6 5. Nd2 Bd6 6. c3 f5 7. Bd3 g6 8. Ne2
Nd7 9. c4 dxc4 10. Nxc4 Bc7 11. g3 Nf6 12. Nc3 Be6 13. Rc1 Kf8 14. a3 a5 15. Qe2
Qe7 16. Nd2 Kg7 17. Nf3 Rad8 18. Kf1 Bc8 19. Kg2 h5 20. h4 Ng4 21. Nh2 Nf6 22.
Qc2 Rhe8 23. Be2 b6 24. Bf3 Bb7 25. Na4 Ne4 26. Nf1 Ba8 27. Nc3 c5 28. Nxe4 fxe4
29. Be2 Rd5 30. Nd2 Red8 31. Nb1 Qf6 32. dxc5 Rxc5 33. Nc3 Be5 34. Rhd1 Rd3 35.
Qa4 Bxc3 36. Rxc3 Rdxc3 37. bxc3 Rf5 38. Rf1 Qxc3 39. Qe8 Bd5 40. Qd8 Qb2 41.
Re1 Qd2 0-1

[Event "9th Nana Aleksandria Cup"]
[Site "Poti GEO"]
[Date "2014.07.14"]
[Round "3.9"]
[White "Patsia, Zviad"]
[Black "Shahinyan, David"]
[Result "0-1"]
[BlackTitle "FM"]
[WhiteElo "2117"]
[BlackElo "2396"]
[WhiteFideId "13603485"]
[BlackFideId "13304380"]
[EventDate "2014.07.13"]

1. c4 e5 2. Nc3 Nc6 3. g3 g6 4. Bg2 Bg7 5. d3 d6 6. Nf3 h6 7. O-O Be6 8. Rb1 Qd7
9. Nd5 Nce7 10. e4 f5 11. Re1 c6 12. Nxe7 Nxe7 13. exf5 gxf5 14. Be3 O-O 15. Qc1
Kh7 16. d4 f4 17. Bd2 fxg3 18. hxg3 exd4 19. Re4 Ng6 20. Nxd4 Bxc4 21. Qc2 Bd5
22. Rh4 Qf7 23. Rf4 Qd7 24. Rh4 Bxg2 25. Kxg2 Qf7 26. f3 Bxd4 27. Rxh6+ Kg7 28.
Qe4 c5 29. Rbh1 Rh8 30. R1h5 Rae8 0-1

[Event "9th Nana Aleksandria Cup"]
[Site "Poti GEO"]
[Date "2014.07.14"]
[Round "3.10"]
[White "Khazhomia, Salome"]
[Black "Pantsulaia, Levan"]
[Result "0-1"]
[WhiteTitle "WFM"]
[BlackTitle "GM"]
[WhiteElo "2128"]
[BlackElo "2591"]
[WhiteFideId "13603230"]
[BlackFideId "13602071"]
[EventDate "2014.07.13"]

1. d4 c5 2. d5 Nf6 3. Nc3 g6 4. e4 d6 5. Be2 Bg7 6. Nf3 O-O 7. O-O Bg4 8. Nd2
Bxe2 9. Qxe2 Na6 10. Nc4 Rb8 11. Nb5 Nc7 12. a4 Nfe8 13. Ra3 Nxb5 14. axb5 Nc7
15. Rb3 b6 16. Bf4 Qd7 17. Na3 f5 18. f3 e6 19. c4 Rbe8 20. Qd2 fxe4 21. fxe4
exd5 22. exd5 Bd4+ 23. Kh1 g5 24. Rg3 g4 25. h3 h5 26. Qd3 Qh7 27. Bxd6 Rxf1+
28. Qxf1 Qd7 29. Bxc7 Qxc7 30. Rd3 Rf8 31. Qc1 Qe5 32. Qd1 Qe4 33. Rg3 Be5 34.
Qc1 Bxg3 35. Qg5+ Kf7 0-1

[Event "9th Nana Aleksandria Cup"]
[Site "Poti GEO"]
[Date "2014.07.14"]
[Round "3.11"]
[White "Quparadze, Giga"]
[Black "Gamzardia, Giorgi"]
[Result "1-0"]
[WhiteTitle "IM"]
[BlackTitle "FM"]
[WhiteElo "2504"]
[BlackElo "2122"]
[WhiteFideId "13602250"]
[BlackFideId "13603388"]
[EventDate "2014.07.13"]

1. e4 d6 2. d4 g6 3. Nc3 Bg7 4. f4 Nf6 5. Nf3 O-O 6. Bd3 Na6 7. O-O c5 8. d5 Nc7
9. a4 a6 10. Re1 Bd7 11. a5 Nb5 12. Bd2 Nxc3 13. Bxc3 e6 14. dxe6 Bxe6 15. f5
Bd7 16. Qd2 Bc6 17. e5 dxe5 18. Nxe5 Bb5 19. Rad1 Bxd3 20. Qxd3 Qxd3 21. Nxd3
Rac8 22. fxg6 hxg6 23. Re7 Nd5 24. Bxg7 Nxe7 25. Bxf8 Kxf8 26. Ne5 c4 27. Rd4 c3
28. b4 Nf5 29. Rd3 Ke7 30. g4 Nd6 31. Kf2 Ke6 32. Re3 Kd5 33. Nd7 Rh8 34. Rd3+
Ke6 35. Nc5+ Ke5 36. Kg2 f5 37. gxf5 gxf5 38. Rxc3 Ne4 39. Nxe4 fxe4 40. Rc7 Kf4
41. Rxb7 Rc8 42. Rf7+ Ke3 43. h4 Rxc2+ 44. Kg3 Rb2 45. Rb7 Rb1 46. Rb6 Kd2 47.
Rxa6 Rb3+ 48. Kg2 Rxb4 49. Rd6+ Ke2 50. a6 e3 51. a7 Rg4+ 52. Kh3 Ra4 53. Rd7
Kf3 54. Rf7+ Ke4 55. Kg3 Ra1 56. Re7+ Kd3 57. Kf3 Rf1+ 58. Kg4 Ra1 59. Rd7+ Ke4
60. h5 Rg1+ 61. Kh3 Rg8 62. Rb7 Ra8 63. Kg2 Kd3 64. Kf1 Rf8+ 65. Ke1 1-0

[Event "9th Nana Aleksandria Cup"]
[Site "Poti GEO"]
[Date "2014.07.14"]
[Round "3.12"]
[White "Metin, Oguz"]
[Black "Benidze, Davit"]
[Result "0-1"]
[BlackTitle "GM"]
[WhiteElo "2074"]
[BlackElo "2476"]
[WhiteFideId "6307850"]
[BlackFideId "13603086"]
[EventDate "2014.07.13"]

1. d4 Nf6 2. Nf3 e6 3. c4 b6 4. e3 Bb7 5. Bd3 Bb4+ 6. Bd2 Be7 7. Nc3 c5 8. O-O
O-O 9. Rc1 cxd4 10. exd4 d5 11. cxd5 Nxd5 12. Ne4 Nd7 13. Qe2 N5f6 14. Rfd1 Nxe4
15. Bxe4 Bxe4 16. Qxe4 Nf6 17. Qb7 Nd5 18. Ne5 Bf6 19. Nf3 Rb8 20. Qa6 Qd7 21.
Qd3 Rfc8 22. a3 Rxc1 23. Rxc1 Rc8 24. Rxc8+ Qxc8 25. Kf1 h5 26. Ke2 g6 27. Kd1
Qd7 28. Qc4 b5 29. Qc2 Nb6 30. Qe4 Nc4 31. Bc3 Kg7 32. h3 a5 33. b3 Nd6 34. Qd3
Qc7 35. g4 hxg4 36. hxg4 Ne4 37. Qxe4 Qxc3 38. g5 Qxb3+ 39. Ke1 Qc3+ 40. Ke2
Qc4+ 41. Kd2 Be7 42. Qe5+ Kg8 43. Qc5 0-1

[Event "9th Nana Aleksandria Cup"]
[Site "Poti GEO"]
[Date "2014.07.14"]
[Round "3.13"]
[White "Beradze, Irakli"]
[Black "Qalagashvili, Pridon"]
[Result "1/2-1/2"]
[WhiteElo "2379"]
[BlackElo "2117"]
[WhiteFideId "13604597"]
[BlackFideId "13601245"]
[EventDate "2014.07.13"]

1. e4 c5 2. Nf3 e6 3. d4 cxd4 4. Nxd4 a6 5. Nc3 Qc7 6. Be2 Nf6 7. O-O Nc6 8. Be3
b5 9. Bd3 Bb7 10. a3 Be7 11. Kh1 Ne5 12. f4 Nc4 13. Bc1 d5 14. e5 Ne4 15. Nce2
g6 16. b3 Na5 17. Bb2 Nc6 18. Nf3 Qb6 19. Ned4 Bc5 20. b4 Bxd4 21. Nxd4 O-O 22.
Nxc6 Bxc6 23. Qe1 a5 24. Rd1 axb4 25. axb4 Ra4 26. Bxe4 dxe4 27. f5 exf5 28. e6
Ra2 29. e7 Re8 30. Bd4 Qb7 31. Qc3 e3 32. Bh8 f6 33. Qxf6 Qxe7 34. Qxc6 e2 35.
Bd4 Qe6 36. Qb7 Qf7 37. Qxb5 Rxc2 38. Rde1 exf1=Q+ 39. Rxf1 Rce2 40. Bc3 h5 41.
h3 R2e3 42. Qc6 R3e6 43. Qd5 Re4 44. Qd6 R8e6 45. Qb8+ Qe8 46. Qb7 Qf7 47. Qb8+
Qf8 48. Qc7 Re7 49. Qd6 R7e6 50. Qc7 Qf7 1/2-1/2

[Event "9th Nana Aleksandria Cup"]
[Site "Poti GEO"]
[Date "2014.07.14"]
[Round "3.14"]
[White "Sibashvili, Giorgi"]
[Black "Khomeriki, Nino"]
[Result "1-0"]
[BlackTitle "WFM"]
[WhiteElo "2283"]
[BlackElo "2101"]
[WhiteFideId "13602799"]
[BlackFideId "13603191"]
[EventDate "2014.07.13"]

1. d4 Nf6 2. Nf3 g6 3. c4 d6 4. Nc3 Bg7 5. e4 O-O 6. h3 e5 7. d5 Nh5 8. Nh2 Qe8
9. Be2 Nf4 10. Bf3 f5 11. g3 Nxh3 12. Bg2 f4 13. Nf3 g5 14. Bxh3 g4 15. Bg2 gxf3
16. Qxf3 Qg6 17. gxf4 Bg4 18. Qg3 exf4 19. Bxf4 Nd7 20. Rh4 h5 21. Ne2 Ne5 22.
Bxe5 Bxe5 23. f4 Bxb2 24. Rb1 Bf6 25. Rh2 h4 26. Qe3 Rae8 27. Rxb7 h3 28. Qg3
hxg2 29. Rxg2 Rxe4 30. Qxg4 Qxg4 31. Rxg4+ Kh8 32. Rxc7 Rfe8 33. Rg2 Rxf4 34.
Kd2 Rh4 35. Kd3 a5 36. c5 dxc5 37. Rxc5 Ra4 38. Nc3 Rd4+ 39. Kc2 a4 40. Rd2 Rb4
41. Rc6 Be5 42. d6 Kg7 43. Re2 Rbb8 44. d7 Re7 45. Rc5 Bd6 46. Rxe7+ Bxe7 47.
Rc8 1-0

[Event "9th Nana Aleksandria Cup"]
[Site "Poti GEO"]
[Date "2014.07.14"]
[Round "3.15"]
[White "Khurtsilava, Inga"]
[Black "Shamatava, Ana"]
[Result "1/2-1/2"]
[WhiteTitle "WGM"]
[WhiteElo "2233"]
[BlackElo "2087"]
[WhiteFideId "13600419"]
[BlackFideId "13601008"]
[EventDate "2014.07.13"]

1. c4 e5 2. Nc3 Nf6 3. g3 d5 4. cxd5 Nxd5 5. Bg2 Nb6 6. d3 Nc6 7. Nf3 Be7 8. h4
O-O 9. Bg5 Bg4 10. Bxe7 Qxe7 11. Ng5 h6 12. Bxc6 bxc6 13. f3 Bd7 14. Nge4 Nd5
15. Qc1 f5 16. Nxd5 cxd5 17. Qc5 Qf7 18. Nc3 c6 19. d4 Rfe8 20. O-O-O f4 21.
dxe5 fxg3 22. Qd4 Qe7 23. f4 Be6 24. Qg1 Rab8 25. Rd2 Bf5 26. Qxg3 Qc5 27. Kd1
d4 28. Na4 Qc4 29. Rg1 Re7 30. Qa3 Reb7 31. Nc5 Rb5 32. Qxa7 g6 33. Nb3 d3 34.
exd3 Qxf4 35. e6 R8b7 36. Qd4 Qf3+ 37. Kc1 Rd5 38. Qf6 Qe3 39. Rg2 Bxd3 40. Qf2
Qe4 41. Qf6 Qe1+ 42. Rd1 Qe3+ 43. Rdd2 Qe1+ 44. Rd1 Qe3+ 45. Rdd2 Qe1+ 1/2-1/2

[Event "9th Nana Aleksandria Cup"]
[Site "Poti GEO"]
[Date "2014.07.14"]
[Round "3.16"]
[White "Tutisani, Noe"]
[Black "Matevosyan, Sedrak"]
[Result "1-0"]
[WhiteElo "2128"]
[BlackElo "2215"]
[WhiteFideId "13602853"]
[BlackFideId "13302035"]
[EventDate "2014.07.13"]

1. e4 g6 2. d4 Bg7 3. Nc3 d6 4. Nf3 Nf6 5. Be2 O-O 6. O-O Bg4 7. h3 Bxf3 8. Bxf3
Nc6 9. Be3 Re8 10. d5 Ne5 11. Be2 c6 12. f4 Ned7 13. a4 cxd5 14. exd5 Qa5 15.
Rb1 Rec8 16. Bf3 Rc4 17. Qe2 Rac8 18. Kh1 Nb6 19. Bd2 Nbd7 20. Rfe1 Qc5 21. Qf1
Kf8 22. Be2 Ne4 23. Nxe4 Rxe4 24. c4 Qd4 25. Bc3 Qb6 26. Bg4 Rxe1 27. Qxe1 Qd8
28. b3 Rc7 29. Bd2 Nc5 30. Qe3 h5 31. Bd1 Qd7 32. Bc2 e6 33. dxe6 Qxe6 34. Qf3
Qf6 35. f5 Re7 36. Rf1 Kg8 37. b4 Nd7 38. Qg3 h4 39. Qg4 Ne5 40. Qd4 g5 41. a5
a6 42. Ba4 Rc7 43. c5 dxc5 44. bxc5 Qe7 45. Qd6 Bf6 46. Qxe7 Rxe7 47. Bc3 Nd7
48. Bxf6 Nxf6 49. c6 bxc6 50. Bxc6 Re5 51. Ra1 Ne4 52. Kg1 Nd2 53. Rd1 Nc4 54.
f6 Nxa5 55. Ba4 Kh7 56. Bc2+ Kh6 57. Rd7 Rc5 58. Bd3 Nc6 59. Rxf7 g4 60. Rh7+
Kg5 61. f7 1-0

[Event "9th Nana Aleksandria Cup"]
[Site "Poti GEO"]
[Date "2014.07.14"]
[Round "3.17"]
[White "Soysal, Serkan"]
[Black "Keleptrishvili, Irakli"]
[Result "1/2-1/2"]
[WhiteElo "2198"]
[BlackElo "2056"]
[WhiteFideId "6349250"]
[BlackFideId "13605801"]
[EventDate "2014.07.13"]

1. d4 d5 2. Bf4 Nf6 3. e3 e6 4. Nf3 Bd6 5. Bg3 O-O 6. Nbd2 Ne4 7. Nxe4 dxe4 8.
Nd2 f5 9. Nc4 Be7 10. c3 Nd7 11. Be2 Nf6 12. Qb3 Nd5 13. O-O Bh4 14. Be5 b6 15.
Rad1 Ba6 16. Qc2 Bxc4 17. Bxc4 Bf6 18. Bg3 Bh4 19. Be5 Bf6 20. Bg3 Bh4 21. Bb3
Bxg3 22. hxg3 Qe8 23. Qe2 Nf6 24. d5 e5 25. d6+ Kh8 26. dxc7 Rc8 27. Rd8 Rxd8
28. cxd8=Q Qxd8 29. Rd1 Qe8 30. Rd6 Ng4 31. Qd2 h6 32. Bd1 Nf6 33. Be2 Kh7 34.
b3 Rf7 35. Bc4 Re7 36. a4 Qc8 37. Rd8 Rd7 38. Rxd7 Qxd7 39. Qc2 Qd6 40. Qc1 a5
41. Kf1 Nd7 42. Ke2 Qg6 43. Kd1 Qh5+ 44. Kc2 Qh2 45. Be6 Nf6 46. Bxf5+ g6 47.
Bh3 h5 48. Qd1 Ng4 49. Qf1 g5 50. b4 Kg6 51. Bxg4 hxg4 52. bxa5 bxa5 53. Qa6+
Kf5 54. Qc8+ Kf6 55. Qc6+ Kf5 56. Qd5 Qh5 57. Qd7+ Kf6 58. Qd8+ Kf5 59. Qe7 Qg6
60. c4 Qe6 61. Qc7 Qc6 62. Qf7+ Qf6 63. Qd5 Qd6 64. Qf7+ Qf6 65. Qh7+ Ke6 66.
Qg8+ Ke7 67. Qh7+ Kd6 68. Qxe4 Qxf2+ 69. Kb3 Qd2 70. c5+ Ke6 71. Qg6+ Kd7 72.
Qg7+ Kc8 73. Qf8+ Kb7 74. Qe7+ Ka8 75. Qf8+ Kb7 76. Qf7+ Ka8 77. Qg8+ Kb7 78.
Qh7+ Kb8 79. Qh8+ Kb7 80. Qg7+ Ka8 81. Qf8+ Kb7 82. Qe7+ Ka8 83. Kc4 Qb4+ 84.
Kd5 Qb3+ 85. Kd6 Qd3+ 86. Kc7 Qb3 87. c6 e4 88. Qd8+ Ka7 89. Qd4+ Ka6 90. Kd6
Qe6+ 1/2-1/2

[Event "9th Nana Aleksandria Cup"]
[Site "Poti GEO"]
[Date "2014.07.14"]
[Round "3.18"]
[White "Aghasiyeva, Fidan"]
[Black "Vepkhvishvili, Varlam"]
[Result "0-1"]
[WhiteTitle "WFM"]
[BlackTitle "FM"]
[WhiteElo "2031"]
[BlackElo "2187"]
[WhiteFideId "13402374"]
[BlackFideId "13600524"]
[EventDate "2014.07.13"]

1. e4 e5 2. Bc4 Nc6 3. Nf3 Be7 4. c3 Bf6 5. d3 Na5 6. Bb5 a6 7. Ba4 b5 8. Bc2 c5
9. Be3 d6 10. Nbd2 Ne7 11. Nf1 O-O 12. Ng3 Ng6 13. Qd2 Nc6 14. h3 a5 15. O-O a4
16. a3 Be6 17. Nh5 Kh8 18. Nxf6 gxf6 19. d4 cxd4 20. cxd4 Na5 21. Bh6 Rg8 22.
Kh2 Rc8 23. d5 Bd7 24. Rad1 Nc4 25. Qc1 Rc7 26. Rd3 f5 27. Ng5 Qf6 28. g3 Ne7
29. Rf3 Rg6 30. exf5 Rxh6 31. Nxf7+ Qxf7 32. Qxh6 Ng8 33. Qc1 Qxd5 34. Rc3 Qf7
35. b3 axb3 36. Bxb3 d5 37. g4 Nf6 38. f3 d4 39. Rd3 Nd5 40. Qg5 Rc8 41. f4 Nxf4
42. Rxf4 exf4 43. Qxf4 Qf6 44. Rxd4 Ne5 45. Bd1 Rc4 46. Kg3 Rc3+ 47. Kh2 Rxa3
48. Rd5 Rd3 49. Rxe5 Rxd1 50. g5 Qd6 51. Kg3 Rd3+ 52. Kh2 Rd5 53. Re4 Qxf4+ 54.
Rxf4 Bxf5 55. h4 Kg7 56. Kg3 Kg6 57. Rb4 Rc5 58. Rd4 Rc3+ 59. Kg2 Kh5 60. Kf2
Bg4 61. Rd5 Rf3+ 62. Kg2 Rf5 63. Rd6 Kxh4 64. Rh6+ Kxg5 65. Rxh7 Kf4 66. Re7 Rc5
67. Rf7+ Bf5 68. Rf6 Rc2+ 69. Kf1 b4 70. Ke1 Ke3 71. Kd1 Be4 72. Re6 b3 73. Re5
Rb2 0-1

[Event "9th Nana Aleksandria Cup"]
[Site "Poti GEO"]
[Date "2014.07.14"]
[Round "3.19"]
[White "Ghukasyan, Siranush"]
[Black "Mohammed, Arpak Worya"]
[Result "1-0"]
[BlackTitle "CM"]
[WhiteElo "2019"]
[BlackElo "2175"]
[WhiteFideId "13300946"]
[BlackFideId "4800060"]
[EventDate "2014.07.13"]

1. e4 e6 2. d4 d5 3. Nc3 Bb4 4. exd5 exd5 5. Bd3 Ne7 6. Qf3 O-O 7. Ne2 c5 8.
dxc5 Bxc5 9. O-O Nbc6 10. Nf4 Nd4 11. Qh5 g6 12. Qd1 Ndc6 13. Bb5 a6 14. Ba4 b5
15. Bb3 d4 16. Ne4 Bb6 17. Nf6+ Kg7 18. Qf3 Qd6 19. Ne8+ Rxe8 20. Nh5+ Kh8 21.
Qxf7 Rg8 22. Nf6 Rg7 23. Qf8+ Rg8 24. Bxg8 Nf5 25. Qxd6 Nxd6 26. Bd5 Bb7 27. Bf4
Nf5 28. Nd7 Ba7 29. Rfe1 Rd8 30. Bg5 1-0

[Event "9th Nana Aleksandria Cup"]
[Site "Poti GEO"]
[Date "2014.07.14"]
[Round "3.20"]
[White "Basencyan, Mark"]
[Black "Gaboyan, Susanna"]
[Result "1-0"]
[WhiteElo "2170"]
[BlackElo "2001"]
[WhiteFideId "13300725"]
[BlackFideId "13303627"]
[EventDate "2014.07.13"]

1. d4 Nf6 2. c4 g6 3. Nf3 Bg7 4. Qc2 d5 5. cxd5 Nxd5 6. e4 Nb6 7. Nc3 O-O 8. Be3
Bg4 9. Ne5 Be6 10. O-O-O c6 11. f4 f6 12. Nf3 Nc4 13. Bxc4 Bxc4 14. g4 Qa5 15.
h4 Na6 16. a3 b5 17. h5 b4 18. Nb1 Qb5 19. hxg6 hxg6 20. a4 b3 21. Qh2 Qxa4 22.
Qh7+ Kf7 23. Nh4 Nb4 24. Qxg6+ Ke6 25. Qf5+ Kf7 26. Ng6 e6 27. Qc5 Rfe8 28. Na3
Nd3+ 29. Rxd3 Bxd3 30. Qh5 Kg8 31. Qh7+ Kf7 32. Qh5 Kg8 33. g5 Bxe4 34. Qh7+ Kf7
35. gxf6 Kxf6 36. f5 Bxh1 37. Ne5 c5 38. Qh4+ 1-0

[Event "9th Nana Aleksandria Cup"]
[Site "Poti GEO"]
[Date "2014.07.15"]
[Round "4.1"]
[White "Alaverdyan, Gevorg"]
[Black "Babujian, Levon"]
[Result "1/2-1/2"]
[WhiteTitle "FM"]
[BlackTitle "GM"]
[WhiteElo "2355"]
[BlackElo "2469"]
[WhiteFideId "13303058"]
[BlackFideId "13301993"]
[EventDate "2014.07.13"]

1. Nf3 c5 2. g3 Nc6 3. Bg2 g6 4. c3 Bg7 5. d4 cxd4 6. cxd4 d5 7. O-O Nh6 8. Bxh6
Bxh6 9. Nc3 O-O 10. Ne5 e6 11. Nxc6 bxc6 12. e3 Bg7 13. Rc1 e5 14. dxe5 Bxe5 15.
Na4 Bd7 16. e4 Re8 17. exd5 cxd5 18. Rc5 Qf6 19. Rxd5 Bc6 20. Rd2 Bxg2 21. Kxg2
Rad8 22. b3 h5 23. Rxd8 Rxd8 24. Qf3 Rd2 25. Nc5 Qxf3+ 26. Kxf3 Bd4 27. Ne4 Rxa2
28. Rd1 Bb6 29. Rd2 Ra1 30. Nf6+ Kg7 31. Nd5 Rb1 32. b4 Rb3+ 33. Ke4 h4 34. Ke5
Rb1 35. gxh4 Bd8 36. Ra2 Bxh4 37. f4 Re1+ 38. Kd6 Re6+ 39. Kd7 a6 40. Nc7 Re4
41. Nxa6 Rxf4 42. b5 Bf2 43. Nc7 Bg1 44. Nd5 Rd4 45. Kd6 Rh4 46. b6 Bxh2+ 47.
Kc6 Be5 48. Re2 Bg3 49. Rg2 Be5 50. Re2 Bg3 51. Re3 Bh2 52. Re2 Bg3 53. Rg2 Be5
54. Re2 Bg3 55. Rg2 Bb8 56. Nc7 1/2-1/2

[Event "9th Nana Aleksandria Cup"]
[Site "Poti GEO"]
[Date "2014.07.15"]
[Round "4.2"]
[White "Javakhadze, Zurab"]
[Black "Mikadze, Miranda"]
[Result "1-0"]
[WhiteTitle "IM"]
[BlackTitle "WIM"]
[WhiteElo "2428"]
[BlackElo "2240"]
[WhiteFideId "13603647"]
[BlackFideId "13603108"]
[EventDate "2014.07.13"]

1. c4 c6 2. d4 d5 3. cxd5 cxd5 4. Bf4 Nc6 5. e3 e6 6. Nc3 Nf6 7. Bd3 Bd6 8. Nge2
O-O 9. O-O b6 10. Rc1 Bb7 11. Bg3 Bxg3 12. hxg3 Qe7 13. Nf4 Rfd8 14. Bb5 Rac8
15. Nd3 a6 16. Bxc6 Bxc6 17. f3 Qb7 18. Kf2 Rc7 19. Rh1 Be8 20. Qg1 Nd7 21. g4
Nf8 22. g5 Rcc8 23. Qh2 Qe7 24. Qg3 a5 25. a3 Kh8 26. Rh4 f6 27. gxf6 gxf6 28.
Rch1 Qg7 29. Rg4 Bg6 30. Nf4 Kg8 31. Qh4 Kf7 32. Nh5 Qh8 33. Rf4 Nd7 34. g4 Ke7
35. g5 f5 36. Qh2 b5 37. Rh4 Qg8 38. Nf4 Nf8 39. Nd3 f4 40. Nxf4 b4 41. axb4
axb4 42. Nce2 Rc2 43. Rh6 Bf5 44. Ra1 Ke8 45. Qg3 Qf7 46. Rf6 Qe7 47. b3 Rb2 48.
Qh4 Rxb3 49. Ra6 Ra3 50. Rb6 Rda8 51. Qh6 R3a7 52. Nxe6 Nd7 53. Ng7+ Kd8 54.
Nxf5 1-0

[Event "9th Nana Aleksandria Cup"]
[Site "Poti GEO"]
[Date "2014.07.15"]
[Round "4.3"]
[White "Shahinyan, David"]
[Black "Golod, Vitali"]
[Result "0-1"]
[WhiteTitle "FM"]
[BlackTitle "GM"]
[WhiteElo "2396"]
[BlackElo "2565"]
[WhiteFideId "13304380"]
[BlackFideId "2804140"]
[EventDate "2014.07.13"]

1. Nf3 Nf6 2. g3 g6 3. Bg2 Bg7 4. O-O O-O 5. d4 d5 6. c4 c6 7. cxd5 cxd5 8. Nc3
Ne4 9. Bf4 Nxc3 10. bxc3 Nc6 11. Nd2 b6 12. Qa4 Bb7 13. Rfd1 Rc8 14. Rac1 Na5
15. c4 Bc6 16. Qb4 dxc4 17. d5 Bxd5 18. Nf1 Nc6 19. Qb5 Nd4 20. Rxd4 Bxd4 21.
Qxd5 Qxd5 22. Bxd5 Rc5 23. Be4 g5 24. Be3 Bxe3 25. Nxe3 Rd8 26. Kf1 b5 27. Ke1
e6 28. Rb1 a5 29. Bc2 f5 30. Nd1 c3 31. Rc1 Kf7 32. Bb3 Rdc8 33. Bc2 Rd8 34. Bb3
Ke7 35. f3 b4 36. Rc2 Ra8 37. Ba4 Rd8 38. Bb3 Re5 39. Nf2 h6 40. h3 Rd6 41. e4
Rc5 42. Ke2 Rc8 43. exf5 exf5 44. Ke1 Kf8 45. g4 Re8+ 46. Kf1 Red8 47. gxf5 Rd2
48. Ne4 a4 49. Bxa4 Rxc2 50. Bxc2 Ra8 51. Ke2 Rxa2 52. Kd3 Rb2 53. Ba4 Rh2 54.
f6 Rxh3 55. Ke2 Rh2+ 56. Kd1 Ra2 57. Bb3 Ra5 58. Ke2 h5 59. Kd3 h4 60. Be6 Re5
61. Bg4 Rb5 62. Be6 b3 63. Nxc3 Rb6 64. Bg4 Rxf6 65. Kd2 Kg7 66. Kc1 h3 67. Bxh3
Rxf3 68. Ne4 Rxh3 69. Nxg5 Re3 0-1

[Event "9th Nana Aleksandria Cup"]
[Site "Poti GEO"]
[Date "2014.07.15"]
[Round "4.4"]
[White "Lorparizangeneh, Shahin"]
[Black "Bajarani, Ulvi"]
[Result "1-0"]
[WhiteTitle "FM"]
[BlackTitle "GM"]
[WhiteElo "2259"]
[BlackElo "2486"]
[WhiteFideId "12521604"]
[BlackFideId "13403028"]
[EventDate "2014.07.13"]

1. d4 d5 2. c4 c6 3. Nc3 Nf6 4. cxd5 cxd5 5. Bf4 Nc6 6. e3 Bf5 7. Qb3 Na5 8.
Qa4+ Bd7 9. Qc2 e6 10. Nf3 Rc8 11. Bd3 Be7 12. h3 O-O 13. O-O a6 14. Ne5 Nc4 15.
Rfc1 b5 16. a3 g6 17. Qe2 Nh5 18. Bh2 Be8 19. a4 f6 20. Nf3 Qd7 21. axb5 axb5
22. b3 Na3 23. Qb2 Qb7 24. Ne1 b4 25. Na2 f5 26. Rxc8 Qxc8 27. Rc1 Qd8 28. Be2
Nf6 29. Nd3 Qb6 30. Bc7 Qa7 31. Naxb4 Nb5 32. Be5 Qb6 33. Nc5 Ne4 34. Nbd3 Na7
35. Nf4 Nc6 36. Nfxe6 Nxe5 37. Nxf8 Bxc5 38. dxc5 Qf6 39. Qd4 Kxf8 40. Rd1 Kg7
41. b4 Nc3 42. Rd2 Ne4 43. Ra2 f4 44. Ra7+ Kh6 45. Ra6 Qf5 46. f3 Ng3 47. Bd1
Bb5 48. Rb6 Nc4 49. Rxb5 Nxe3 50. Rb7 Nh5 51. g4 Qb1 52. gxh5 Qf5 53. Qg7+ 1-0

[Event "9th Nana Aleksandria Cup"]
[Site "Poti GEO"]
[Date "2014.07.15"]
[Round "4.5"]
[White "Pantsulaia, Levan"]
[Black "Hayrapetyan, Hovik"]
[Result "1/2-1/2"]
[WhiteTitle "GM"]
[BlackTitle "GM"]
[WhiteElo "2591"]
[BlackElo "2422"]
[WhiteFideId "13602071"]
[BlackFideId "13302639"]
[EventDate "2014.07.13"]

1. Nf3 Nf6 2. g3 c5 3. Bg2 Nc6 4. c4 d5 5. cxd5 Nxd5 6. Nc3 Nc7 7. d3 e5 8. Nd2
Be7 9. Nc4 f6 10. Bxc6+ bxc6 11. Qa4 Bd7 12. Qa5 O-O 13. Be3 Ne6 14. Qxd8 Rfxd8
15. Rc1 Nd4 16. Na4 Be6 17. b3 Rab8 18. Nd2 Rb5 19. Ne4 Bd5 20. f3 Bxe4 21. fxe4
g6 22. Rf1 Kf7 23. Kd2 Ke6 24. g4 Rh8 25. h4 h5 26. g5 f5 27. exf5+ gxf5 28.
Bxd4 exd4 29. Rce1 c4 30. dxc4 Bb4+ 31. Kc1 Re5 32. Rd1 Rxe2 33. Rxd4 Rxa2 34.
Kb1 Re2 35. c5 Re1+ 36. Rxe1+ Bxe1 37. Kc2 Bg3 38. Nc3 Be5 39. Ra4 Rh7 40. Ra6
Bxc3 41. Kxc3 Kd5 42. Kd3 Rb7 43. Ke3 Rb4 44. Ra4 Rg4 45. Rxg4 fxg4 46. b4 a6 1/2-1/2

[Event "9th Nana Aleksandria Cup"]
[Site "Poti GEO"]
[Date "2014.07.15"]
[Round "4.6"]
[White "Rasulov, Vugar"]
[Black "Tutisani, Noe"]
[Result "1/2-1/2"]
[WhiteTitle "GM"]
[WhiteElo "2521"]
[BlackElo "2128"]
[WhiteFideId "13402390"]
[BlackFideId "13602853"]
[EventDate "2014.07.13"]

1. e4 c5 2. Nf3 d6 3. d4 cxd4 4. Nxd4 Nf6 5. Nc3 g6 6. Be3 Bg7 7. f3 Nc6 8. Qd2
O-O 9. Bc4 Nxd4 10. Bxd4 Be6 11. Bb3 Qa5 12. O-O Rac8 13. Qd3 Nd7 14. Bxg7 Kxg7
15. Kh1 Bc4 16. Bxc4 Ne5 17. Qd4 Rxc4 18. Qd1 Rc6 19. Ne2 Qc5 20. Nd4 Rc7 21. c3
b5 22. a3 a5 23. Qe2 Rb8 24. f4 Nc6 25. Qe3 b4 26. axb4 axb4 27. Rac1 Rbc8 28.
Rce1 bxc3 29. bxc3 Nd8 30. f5 Qe5 31. Rc1 d5 32. Rf4 Rc4 33. h3 Kg8 34. g3 Nc6
35. Rd1 dxe4 36. fxg6 hxg6 37. Nxc6 R4xc6 38. Rxe4 Qxc3 39. Rxe7 1/2-1/2